000 00602nam a2200229Ia 4500
003 OSt
005 20220928104148.0
006 a|||||r|||| 00| 0
007 ta
008 220927b |||||||| |||| 00| 0 eng d
024 _a46237
037 _cTextual
040 _aSDCL
_cSDCL
_beng
041 _2eng
_aeng
082 _aO152,1M65,3, Lo
100 _aSharma Mukunddev
_9409390
245 0 _aPriyeparvaas.
260 _aVaranasi
_bHindi Saahitya Kuteer
_c1970
300 _a269p.
_ccm.
942 _hO152,1M65,3, Lo
_cTEXL
_2CC
999 _c724927
_d724927